书目信息 |
| 题名: |
网络分析与综合
|
|
| 作者: | Anderson , 安德森 著 ;董达生 , 盛剑桓 译 | |
| 分册: | ||
| 出版信息: | 北京 人民教育出版社 1982 |
|
| 页数: | 386页 | |
| 开本: | 25cm | |
| 丛书名: | ||
| 单 册: | ||
| 中图分类: | TN711.1 | |
| 科图分类: | ||
| 主题词: | 网络综合 , 网络分析 | |
| 电子资源: | ||
| ISBN: | ||
| 000 | 00986nam0 2200301 45 | |
| 001 | 0182006805 | |
| 005 | 20060728103307.32 | |
| 010 | @dCNY2.70 | |
| 091 | @a15012.0378 | |
| 100 | @a19950628d1982 emky0chiy0121 ea | |
| 101 | 1 | @achi@ceng |
| 102 | @aCN@b110000 | |
| 105 | @ay z 000yy | |
| 200 | 10 | @a网络分析与综合@Awang luo fen xi yu zong he@e一种现代系统理论研究法@f(美)安德森(B.D.O. Anderson)著@g董达生,盛剑桓译 |
| 210 | @a北京@c人民教育出版社@d1982 | |
| 215 | @a386页@d25cm | |
| 300 | @a书名原文:Network analysis and synthesis(A modern systems theory approach) | |
| 510 | 1 | @aNetwork analysis and synthesis(A modern dystems theory spproach)@zeng |
| 606 | @a网络综合 | |
| 606 | @a网络分析 | |
| 690 | @aTN711.1@v3 | |
| 701 | A1 | @aAnderson@bB.D.O.@4著 |
| 701 | 1 | @a安德森@Aan de sen@bB.D.O.@4著 |
| 702 | 0 | @a董达生@Adong da sheng@4译 |
| 702 | 0 | @a盛剑桓@Asheng jian huan@4译 |
| 801 | 2 | @aCN@bNLC@c20060728 |
| 801 | 0 | @aCN@bTSSF |
| 905 | @a10447@dTN711.1@e207 | |
| 网络分析与综合:一种现代系统理论研究法/(美)安德森(B.D.O. Anderson)著/董达生,盛剑桓译.-北京:人民教育出版社,1982 |
| 386页;25cm |
| 书名原文:Network analysis and synthesis(A modern systems theory approach) |
| ISBN :CNY2.70 |
| ● |
| 相关链接 |
|
|
|
|
正题名:网络分析与综合
索取号:TN711.1/207
 
预约/预借
| 序号 | 登录号 | 条形码 | 馆藏地/架位号 | 状态 | 备注 |
| 1 | 0438949 | 204389492 | 密集书库/ [索取号:TN711.1/207] | 在馆 | |
| 2 | 0438950 | 204389508 | 密集书库/ [索取号:TN711.1/207] | 在馆 |